01138nab a22002297a 450000500170000000800410001704000250005804100080008304400070009110000450009824500930014326000160023630000500025250400540030252003090035665000240066565000320068965000310072177301230075294200160087599900170089120150724092825.0150724b2015 ck |||||r|||| 00| 0spa d aCO-BoIAVHcCO-BoIAVH0 aspa ack1 aGarcía Marín, María Eulalia9362581 aLa permacultura como aporte a la ética ecológica /cMaría Eulalia García Marín3 a:b,c2015. aAño 2015, Nro 1, Enero-Junio, Pág. 82-88. aIncluye referencias bibliográficas (Pág. 88). aEl concepto de permacultura fue ideado por Bill Mollison y David Holmgren (1978) y propone una manera de vivir en armonía con la naturaleza, potenciando los recursos y generando excedentes, de la mano de una mentalidad de colaboración y no de competición, desde la que se propone vivir con calidad. 4aPermacultura936259 4aÉtica de la tierra936260 4aEcologíaxÉtica9362610 dCaldas (Antioquia) : Corporación Universitaria Lasallista, 2006- .o042058tProducción más limpia / x19090455 2zcARTICULO c17619d17619